| 000 | 00688nam a2200241 c 4500 | ||
|---|---|---|---|
| 003 | BLK | ||
| 005 | 20190913121254.0 | ||
| 008 | 180911b bul|||||r ||||||| ||bul|| | ||
| 010 | _a003597 | ||
| 040 | _aBLK | ||
| 041 | _aDEU | ||
| 080 | _z329.12(430)(035) | ||
| 100 | 1 |
_aWENK, Martin _eпърви автор |
|
| 245 | 0 | 0 | _aHandbuch fur liberale Politik |
| 260 |
_aBerlin _bHilfe _c1911 |
||
| 300 |
_a8, 336 с _c19 см |
||
| 380 | _a0 | ||
| 490 |
_aЧастна колекция - Академик Михаил Арнаудов _gДарение - Основен фонд |
||
| 655 | _aПолитика | ||
| 700 | 1 | _aMartin Wenk | |
| 852 | _aМА 835 | ||
| 942 |
_cKNG _n0 |
||
| 944 |
_aCR _c1996 _kValK |
||
| 999 |
_c343936 _d343936 |
||